| 000 | 00508 a2200169 4500 | ||
|---|---|---|---|
| 001 | 066340 | ||
| 003 | OSt | ||
| 005 | 20210927134215.0 | ||
| 008 | |||
| 082 |
_a515 _bS28B |
||
| 100 | 1 | _aSohrab, Houshang H. | |
| 245 | 1 |
_aBasic real analysis _cby Houshang H. Sohrab |
|
| 260 |
_aBoston _bBirkhauser _c2009 |
||
| 300 | _a559p. | ||
| 690 | _aMathematical analysis; Logic, Symbolic and mathematical; Mathematics; Global analysis (Mathematics); Measure theory | ||
| 942 |
_2ddc _cBK |
||
| 999 |
_c415 _d415 |
||